Quick Pick: West Coast Cities Quiz Stats

 Plays Quiz Updated Aug 27, 2019

Score 0/15 Timer 01:00
0 Plays Today
% Correct
Los Angeles
97.9%
San Francisco
97.5%
Sacramento
96.4%
San Jose
95.7%
Santa Barbara
95.7%
Seattle
95.5%
Anaheim
94%
Anchorage
93.9%
% Correct
Olympia
88.2%
Tacoma
88%
Eugene
84.6%
Stockton
78.1%
Newport Beach
76%
Oxnard
75.8%
Astoria
61.2%

Today's Daily Dose

You're not logged in!

Compare scores with friends on all Sporcle quizzes.
OR
Log In

Sporcle TV

Today on Sporcle TV


Watch our educational content, quiz creation guides, and fun videos on Sporcle TV.

Show Comments

Extras

Top Quizzes Today


Score Distribution

Your Account Isn't Verified!

In order to create a playlist on Sporcle, you need to verify the email address you used during registration. Go to your Sporcle Settings to finish the process.

Report this User

Report this user for behavior that violates our Community Guidelines.

Details: